[Event "Floripa Chess Open 2024"]
[Site "Florianopolis"]
[Date "2024.01.23"]
[Round "5.150"]
[White "Pereira, Thiago Henrique"]
[Black "Altenhofen, Guilherme Graneto"]
[Result "1-0"]
[WhiteElo "1772"]
[BlackElo "1425"]
[PlyCount "74"]
[EventDate "2024.01.20"]
[EventRounds "10"]
[EventCountry "BRA"]

1. e4 c5 2. Nf3 e6 3. d4 cxd4 4. Nxd4 Nf6 5. Nc3 Nc6 6. Nxc6 bxc6 7. Be2 Bb4 8.
Bf3 ({RR} 8. Bd3 d5 9. exd5 cxd5 10. O-O O-O 11. Bg5 h6 12. Bh4 Bb7 13. f4 Qb6+
14. Kh1 Ne4 15. Nxe4 dxe4 16. Bc4 Rac8 17. Qe2 e3 18. c3 Bd6 19. Bd3 Rc5 20.
Bf6 gxf6 21. Qg4+ Kh8 22. Qh4 Kg7 {Leks,H (2192)-Dobrowolski,A (2359) Wroclaw
2008 0-1}) 8... Ba6 ({RR} 8... d5 9. exd5 cxd5 10. Qd4 Be7 11. Bf4 O-O 12. O-O
Qb6 13. Qxb6 axb6 14. Rfd1 Bd7 15. Be2 Rfc8 16. a3 Ne8 17. Rac1 Bf6 18. Rd3 Bc6
19. Nd1 e5 20. Bg3 Bb5 21. Rxd5 Bxe2 22. Ne3 Rd8 23. Bxe5 {Feuerherdt,M (1805)
-Koller,J (2234) Germany 2014 0-1 (33)}) 9. Bd2 O-O 10. a3 $146 ({RR} 10. e5
Nd5 11. Nxd5 Bxd2+ 12. Qxd2 cxd5 13. Be2 Bxe2 14. Qxe2 Rb8 15. b3 Qa5+ 16. Qd2
Qxd2+ 17. Kxd2 Rfc8 18. Rhc1 Kf8 19. Kd3 Ke7 20. c3 d6 21. exd6+ Kxd6 22. f4 f6
23. Rc2 Rb6 24. Rac1 Rbc6 {Sikora,L (1655)-Marek,M (1752) Havirov 2008 1-0 (46)
}) 10... Be7 11. Be2 Bxe2 12. Qxe2 d5 13. exd5 cxd5 14. O-O Rb8 15. Rab1 Qc7
16. Nb5 Qxc2 17. Nd4 Qe4 18. Be3 Rfc8 19. f3 Qg6 20. Rfc1 Bc5 21. b4 a5 22. Qa6
axb4 23. Rxb4 Ra8 24. Rxc5 Re8 25. Qe2 Rxa3 26. Bc1 Qd3 27. Bxa3 Qxa3 28. Nc6
Nd7 29. Rc2 Kf8 30. Rb7 Nf6 31. Nd4 Qa1+ 32. Kf2 Qxd4+ 33. Qe3 Qxe3+ 34. Kxe3
Re7 35. Rxe7 Kxe7 36. Rc6 Ne8 37. Ra6 Kf6 1-0

[Event "Floripa Chess Open 2024"]
[Site "Florianopolis"]
[Date "2024.01.23"]
[Round "5.151"]
[White "Gomes, Adrian Felipe L"]
[Black "Machado, Gilmar Dias"]
[Result "1-0"]
[WhiteElo "1416"]
[BlackElo "1764"]
[PlyCount "89"]
[EventDate "2024.01.20"]
[EventRounds "10"]
[EventCountry "BRA"]

1. e4 e5 2. f4 d5 3. exd5 e4 4. Nc3 Nf6 5. Qe2 Be7 6. Nxe4 Nxd5 7. d3 ({RR} 7.
g3 O-O 8. Nf3 Re8 9. Bg2 Bf8 10. Ne5 f6 11. d4 fxe5 12. fxe5 Bf5 13. O-O Bg6
14. h4 Nc6 15. c3 Nb6 16. Be3 Be7 17. h5 Bxe4 18. Bxe4 Bg5 19. Bf2 Qd7 20. Rae1
Qh3 21. Bg2 Qe6 {Zvjaginsev,V (2658)-Chuprov,D (2554) Krasnoyarsk 2007 1-0})
7... O-O 8. Bd2 f5 9. Ng3 $146 ({RR} 9. Nc3 Bh4+ 10. Kd1 Nc6 11. g3 Bf6 12. Bg2
Ndb4 13. Nf3 Re8 14. Qf2 Nd4 15. Rc1 Be6 16. Nxd4 Bxd4 17. Qf3 c6 18. Re1 Qd6
19. a3 Nd5 20. Rxe6 Qxe6 21. Nxd5 cxd5 22. c3 Bf6 23. Qxd5 Rad8 {Steinitz/
Medley/Forster/Ranke-De Vere/Kennedy/Loewenthal/He London 1866 1/2-1/2}) ({RR} 
9. Nc3 Bh4+ 10. Kd1 Re8 11. Qf3 Be6 12. Nge2 c5 13. g3 Bf6 14. Bg2 Nxc3+ 15.
Bxc3 Nc6 16. Re1 c4 17. Kc1 Bf7 18. Rd1 Qe7 19. Bxf6 Qxf6 20. d4 Rad8 21. d5
Nb4 22. Nc3 Nxd5 23. a4 Nxc3 {Suttles,D-Lengyel,L Belgrade 1969 0-1}) 9... Nb4
10. Kd1 Re8 11. Qf3 N8c6 12. c3 Nd5 13. d4 Kh8 14. Bd3 g6 15. N1e2 a6 16. h4
Bxh4 17. Rxh4 Qxh4 18. Qxd5 Be6 19. Qc5 Qe7 20. Qxe7 Rxe7 21. c4 Bf7 22. d5 Nb8
23. Ng1 Nd7 24. Bc3+ Kg8 25. Nf3 Nc5 26. Kd2 Nxd3 27. Kxd3 a5 28. Ne5 b6 29.
Ne2 Be8 30. Nd4 Bd7 31. b4 axb4 32. Bxb4 Rg7 33. a3 Re8 34. Re1 Bc8 35. g3 g5
36. Bd2 g4 37. a4 h5 38. Rh1 Rh7 39. Rh4 Kg7 40. a5 Kf6 41. axb6 cxb6 42. Ndc6
Kg7 43. Be3 Kh6 44. Bxb6 Ba6 45. Kd4 1-0

[Event "Floripa Chess Open 2024"]
[Site "Florianopolis"]
[Date "2024.01.23"]
[Round "5.152"]
[White "Ribeiro Carrico, Victor Hugo"]
[Black "Goncalves, Eduardo Moutinho"]
[Result "1-0"]
[WhiteElo "1746"]
[BlackElo "1414"]
[PlyCount "89"]
[EventDate "2024.01.20"]
[EventRounds "10"]
[EventCountry "BRA"]

1. e4 e5 2. Nf3 Nc6 3. Bc4 Bc5 4. c3 Nf6 5. d3 d6 6. O-O O-O 7. Bg5 Qe7 8. Re1
Be6 9. Nbd2 a6 10. b4 Ba7 11. a4 Bxc4 12. Nxc4 Qe6 13. Ne3 $146 ({RR} 13. b5
Ne7 14. h3 h6 15. Be3 Bxe3 16. Nxe3 Nd7 17. d4 f5 18. exf5 Nxf5 19. dxe5 dxe5
20. Qd5 Qxd5 21. Nxd5 c6 22. bxc6 bxc6 23. Nb4 Rfe8 24. g4 Ne7 25. Nxe5 Nxe5
26. Rxe5 Nd5 27. Rxe8+ Rxe8 {Oechslein,R (2153)-Reinhold,K (1929) Bergen 2012
1-0 (55)}) 13... Ne7 14. d4 Nh5 15. d5 Qd7 16. Nxe5 dxe5 17. Qxh5 f6 18. Bh4
Rad8 19. c4 Bd4 20. Ra3 Nc8 21. Nf5 g6 22. Rg3 Nd6 23. Nxd4 exd4 24. Qd1 Rde8
25. Qxd4 Nf5 26. Qd2 Nxg3 27. Bxg3 Rf7 28. a5 Qe7 29. h3 Kg7 30. f4 Qd7 31. e5
fxe5 32. fxe5 Rfe7 33. e6 Rxe6 34. Rxe6 Rxe6 35. Qc3+ Rf6 36. Be5 Qf5 37. b5
Kf7 38. Bxf6 Qxf6 39. Qxf6+ Kxf6 40. c5 axb5 41. c6 bxc6 42. a6 cxd5 43. a7 Ke5
44. a8=Q c5 45. Qe8+ 1-0

[Event "Floripa Chess Open 2024"]
[Site "Florianopolis"]
[Date "2024.01.23"]
[Round "5.153"]
[White "Arosteguy, Vitor Augusto Colac"]
[Black "Dias, Matheus Nunes"]
[Result "0-1"]
[WhiteElo "1385"]
[BlackElo "1684"]
[PlyCount "42"]
[EventDate "2024.01.20"]
[EventRounds "10"]
[EventCountry "BRA"]

1. e4 e6 2. d4 d5 3. Nc3 dxe4 4. Nxe4 Nf6 5. Bd3 Be7 ({RR} 5... Bd7 6. Nxf6+
Qxf6 7. Nf3 h6 8. Ne5 Bd6 9. Qe2 Nc6 10. Nxd7 Kxd7 11. c3 Ne7 12. O-O Rad8 13.
Be4 Kc8 14. b3 Nd5 15. Bb2 Nf4 16. Qf3 c6 17. c4 Qg5 18. g3 f5 19. Bc2 Qh5 20.
Qxh5 {Pavlov,S (2459)-Galinsky,T (2426) Kiev 2005 1-0}) 6. Qe2 $146 ({RR} 6. c3
Nbd7 7. f4 Nxe4 8. Bxe4 c5 9. Nf3 Nf6 10. Bd3 O-O 11. O-O b6 12. Be3 Nd5 13.
Bd2 cxd4 14. Nxd4 Bc5 15. Rf3 e5 16. fxe5 Bg4 17. Be4 Rc8 18. Kh1 Bxf3 19. Qxf3
Nc7 20. Qg4 Kh8 {Wolf,H-Schwarz,A Vienna 1899 1-0}) ({RR} 6. Be3 b6 7. Nxf6+
Bxf6 8. Qf3 c6 9. Ne2 Bb7 10. O-O-O Qc7 11. Be4 Nd7 12. Nc3 O-O-O 13. Rd3 Ba6
14. Rd2 c5 15. Bf4 e5 16. Nd5 Qd6 17. Qa3 Bb7 18. dxe5 Bxe5 19. g3 Bxf4 20.
gxf4 Nf6 {Kutyra,M-Khilchuk,I (1460) Brody UKR 2023 0-1}) ({RR} 6. Ne2 Nbd7 7.
N2g3 O-O 8. O-O b6 9. c3 Bb7 10. Qc2 Rc8 11. Nxf6+ Nxf6 12. Ne4 g6 13. Nxf6+
Bxf6 14. Be3 Re8 15. Be4 Bxe4 16. Qxe4 e5 17. dxe5 Bxe5 18. Qc4 c5 19. Rad1 Qc7
20. g3 Rcd8 {Weinstein,A (1817)-Pamperin,G (1626) Plau am See 2007 0-1 (46)})
6... Qxd4 7. Nf3 Qb6 8. c3 Nxe4 9. Bxe4 Nc6 10. Be3 Bc5 11. O-O-O Bxe3+ 12.
fxe3 e5 13. h3 O-O 14. Bxc6 Qxc6 15. Nxe5 Qe6 16. Nc4 b5 17. Na3 Qxa2 18. Nxb5
Rb8 19. Nd4 Qa1+ 20. Kd2 Rxb2+ 21. Nc2 Rxc2+ 0-1

[Event "Floripa Chess Open 2024"]
[Site "Florianopolis"]
[Date "2024.01.23"]
[Round "5.154"]
[White "Oliveira, Andre Pereira Marti"]
[Black "Setti, Dalmarino"]
[Result "1/2-1/2"]
[WhiteElo "1333"]
[BlackElo "1664"]
[PlyCount "80"]
[EventDate "2024.01.20"]
[EventRounds "10"]
[EventCountry "BRA"]

1. Nf3 Nf6 2. b3 d5 3. e3 Bf5 4. Bb2 Nbd7 5. Be2 h6 6. c4 c6 7. O-O e6 8. d4 ({
RR} 8. d3 Be7 9. a3 a5 10. Nbd2 O-O 11. cxd5 exd5 12. Qc2 Bh7 13. Rfe1 Re8 14.
Bf1 Bd6 15. h3 Qc7 16. Bc3 Ne5 17. Nxe5 Bxe5 18. Nf3 Bxc3 19. Qxc3 Nd7 20. b4
axb4 21. axb4 Qd6 22. d4 Nf6 {Hamitevici,V (2494)-Mrudul,D (2059) chess.com
INT 2023 1-0 (38)}) 8... Be7 9. Nbd2 O-O 10. a3 Bd6 $146 ({RR} 10... Re8 11.
Rc1 Bf8 12. h3 Rc8 13. Re1 a6 14. Nf1 Ne4 15. N1d2 Nef6 16. Nf1 Bh7 17. N1d2 b5
18. Ne5 Nxe5 19. dxe5 Nd7 20. Nf3 Qb6 21. Qd4 bxc4 22. Qxb6 Nxb6 23. bxc4 Na4
24. Bc3 Bxa3 25. Ra1 {Dominguez,L (1944)-Ruiz Castillo,J (2399) Bogota 2013
0-1 (42)}) 11. b4 Re8 12. c5 Bc7 13. Ne5 Nxe5 14. dxe5 Nd7 15. Nf3 Qb8 16. Bd3
Bg4 17. h3 Bxf3 18. Qxf3 Bxe5 19. Qe2 Qd8 20. Bxe5 Nxe5 21. a4 Nxd3 22. Qxd3 e5
23. b5 Qd7 24. Rab1 Re6 25. Rfc1 Rg6 26. Kh2 Qc7 27. Qe2 e4+ 28. Kg1 Qe5 29.
bxc6 bxc6 30. Rb7 f5 31. Qb2 Qxb2 32. Rxb2 Rf6 33. Rcb1 Raf8 34. Rb7 R8f7 35.
a5 Kh7 36. a6 Kg6 37. Rxf7 Rxf7 38. Rb7 Kf6 39. h4 Ke6 40. h5 Rd7 1/2-1/2

[Event "Floripa Chess Open 2024"]
[Site "Florianopolis"]
[Date "2024.01.23"]
[Round "5.155"]
[White "Pavoni, Felipe Stevanin"]
[Black "Mantovani, Helio Cardoso"]
[Result "1-0"]
[WhiteElo "1662"]
[BlackElo "1382"]
[PlyCount "89"]
[EventDate "2024.01.20"]
[EventRounds "10"]
[EventCountry "BRA"]

1. e4 e5 2. Nf3 Nc6 3. Bc4 Bc5 4. b4 Bb6 5. a4 a6 6. a5 Ba7 7. O-O ({RR} 7. c3
Nf6 8. d3 d6 9. Qb3 O-O 10. Bg5 h6 11. Bh4 Qe7 12. O-O Be6 13. Nbd2 g5 14. Bg3
Nh5 15. b5 axb5 16. Qxb5 Bd7 17. Qb2 Rfb8 18. Bd5 Qf6 19. Nc4 Nd8 20. Nb6 Bxb6
21. axb6 c6 {Sveshnikov,E (2535)-Gyimesi,Z (2480) Vienna 1996 1/2-1/2 (116)}) (
{RR} 7. d3 h6 8. O-O Nf6 9. c3 d6 10. Re1 O-O 11. h3 Re8 12. Nbd2 Be6 13. Bxe6
Rxe6 14. Nf1 d5 15. Ng3 d4 16. c4 Nxb4 17. Qb3 c5 18. Bd2 Nc6 19. Qxb7 Rb8 20.
Qxa6 Qc7 21. Reb1 Nb4 {Monpeurt,C (2129)-Zhu,J (2498) chess.com INT 2023 0-1  
(36)}) 7... Nf6 8. d3 d6 9. c3 Be6 $146 ({RR} 9... h6 10. Qe2 O-O 11. Be3 Bxe3
12. fxe3 Be6 13. Nbd2 d5 14. exd5 Bxd5 15. e4 Bxc4 16. Nxc4 Qe7 17. Ne3 Qe6 18.
Nh4 Ne7 19. Nhf5 Nxf5 20. Nxf5 Rad8 21. Qf3 Kh7 22. Rf2 g6 23. Ng3 Kg7 24. Raf1
{Pera Lucas,E (1934)-Sole Pijuan,F (1805) Balaguer 2013 1-0 (52)}) ({RR} 9...
h6 10. h3 Qe7 11. Re1 Be6 12. Nbd2 O-O 13. Qb3 Nh5 14. b5 axb5 15. Qxb5 Rfb8
16. Bxe6 fxe6 17. d4 Nf4 18. Nf1 Qf6 19. Bxf4 Qxf4 20. a6 Nd8 21. Qe8+ Kh7 22.
axb7 Rxb7 23. dxe5 Rab8 24. exd6 {Matikozian,A (2414)-Remlinger,L (2402) Los
Angeles 2012 1/2-1/2 (43)}) 10. Nbd2 d5 11. Bb3 O-O 12. Ba3 Re8 13. Ng5 b5 14.
h3 Rc8 15. Nxe6 fxe6 16. Qe2 Ne7 17. Nf3 Ng6 18. Bc1 c6 19. h4 h6 20. g3 Qe7
21. Kg2 c5 22. h5 dxe4 23. dxe4 c4 24. Bc2 Nxh5 25. Nxe5 Nxe5 26. Qxh5 Nd3 27.
Qg6 Qf7 28. Qxf7+ Kxf7 29. f4 Rf8 30. Kf3 Ke7 31. Be3 Bxe3 32. Kxe3 Rcd8 33.
Rfd1 e5 34. Bxd3 cxd3 35. f5 Kf6 36. Rxd3 Rxd3+ 37. Kxd3 Rd8+ 38. Ke2 Rc8 39.
Kd3 Rc4 40. Re1 Kg5 41. Rf1 Rc6 42. Rf3 Rc4 43. Rf2 Rc6 44. Rf1 Kg4 45. Kc2 1-0

[Event "Floripa Chess Open 2024"]
[Site "Florianopolis"]
[Date "2024.01.23"]
[Round "5.157"]
[White "Rigo, Joanir Fernando"]
[Black "Gomes, Marco Tulio Caldeir"]
[Result "0-1"]
[WhiteElo "1302"]
[BlackElo "1637"]
[PlyCount "72"]
[EventDate "2024.01.20"]
[EventRounds "10"]
[EventCountry "BRA"]

1. d4 Nf6 2. c4 e6 3. Nc3 Bb4 4. Bg5 h6 5. Bf4 ({RR} 5. h4 c5 6. d5 d6 7. e3
Qe7 8. Bd3 Nbd7 9. Nge2 Ne5 10. O-O Bxc3 11. Nxc3 Nxd3 12. Qxd3 {1/2-1/2 (12)
Froeschl,F (2235)-Duer,A (2390) Austria 1992}) ({RR} 5. e3 hxg5 {0-1 (5)
Kretov,E (2269)-Bouchet,S (2180) chess.com INT 2021}) 5... O-O 6. e3 d5 7. Nf3
c5 $146 ({RR} 7... b6 8. Bd3 Bb7 9. O-O dxc4 10. Bxc4 a6 11. a3 Bxc3 12. bxc3
Nbd7 13. Ne5 b5 14. Bd3 Nxe5 15. Bxe5 Qe7 16. f3 Nd5 17. Bb1 Nxc3 18. Qd3 Nxb1
19. Raxb1 f6 20. Bf4 Rac8 21. Rfe1 Bd5 22. Qg6 {Yastrebov,N-Guliev,R Saratov
2014 1-0 (41)}) 8. a3 Bxc3+ 9. bxc3 b6 10. Bd3 Nc6 11. O-O Na5 12. cxd5 exd5
13. Ne5 Re8 14. Bb5 Re6 15. c4 Bb7 16. dxc5 bxc5 17. cxd5 Bxd5 18. Rb1 a6 19.
Ba4 Qe7 20. Ng4 Rd8 21. Nxf6+ Rxf6 22. Rb8 Rxb8 23. Bxb8 Qe4 24. f3 Qxe3+ 25.
Kh1 Qd4 26. Ba7 Bc4 27. Re1 Qxd1 28. Rxd1 Bb3 29. Rd8+ Kh7 30. Bxb3 Nxb3 31.
Rc8 Rd6 32. h3 Rd5 33. Kh2 a5 34. Rc6 a4 35. Kg3 h5 36. Kh4 g5+ 0-1

[Event "Floripa Chess Open 2024"]
[Site "Florianopolis"]
[Date "2024.01.23"]
[Round "5.158"]
[White "Espindola, Carlos Marcelo"]
[Black "Biazon, Heloise De Oliveira"]
[Result "1-0"]
[WhiteElo "1434"]
[BlackElo "1030"]
[PlyCount "97"]
[EventDate "2024.01.20"]
[EventRounds "10"]
[EventCountry "BRA"]

1. Nf3 e6 2. g3 d5 3. Bg2 c5 4. d4 Nf6 5. O-O Be7 6. c4 O-O 7. cxd5 exd5 8. Nc3
Nc6 9. Bf4 Qb6 ({RR} 9... Ne4 10. dxc5 Nxc3 11. bxc3 Bxc5 12. Qd3 h6 13. Rab1
Bb6 14. Nd4 Nxd4 15. cxd4 Be6 16. Rb5 Rc8 17. Qb3 Bxd4 18. Bxd5 Rc3 {1/2-1/2  
(18) Gulko,B (2575)-Espig,L (2470) Vilnius (Lithuania) 1978}) ({RR} 9... Ne4
10. Rc1 Be6 11. dxc5 Nxc3 12. Rxc3 d4 13. Rc1 g5 14. Bd6 Bxd6 15. cxd6 Qxd6 16.
Nxg5 h6 17. Nxe6 fxe6 18. Bxc6 bxc6 19. Qc2 e5 20. Qxc6 Rad8 21. Qe4 Rf6 22.
Rc4 Rdf8 23. Rfc1 d3 24. Rc7 {Olenik Campa,R (2294)-Lee,L (1938) Montesilvano
ITA 2023 1-0}) 10. Qc2 $146 ({RR} 10. dxc5 Qxc5 11. Ne5 Be6 12. Rc1 Qa5 13. Qa4
Qxa4 14. Nxa4 Nd4 15. Bf3 Rac8 16. Be3 Nxf3+ 17. Nxf3 h6 18. a3 Rc4 19. Nc5 Bh3
20. Rxc4 dxc4 21. Rd1 b6 22. Na4 Ne4 23. Ne5 b5 24. f3 bxa4 {Sewarte,
U-Stengelin,M Muenster 1987 1/2-1/2 (50)}) 10... cxd4 11. Na4 Qb4 12. a3 Qc4
13. Qd1 b5 14. Rc1 Qxa4 15. Qxa4 bxa4 16. Rxc6 Bg4 17. Nxd4 Rac8 18. Rfc1 Rxc6
19. Nxc6 Bd8 20. e3 a5 21. Ne5 Bf5 22. h4 Be4 23. Nf3 Re8 24. Rc8 Bf5 25. Ra8
Be4 26. Nd4 Bxg2 27. Kxg2 h5 28. Bg5 Kf8 29. Kf3 Bb6 30. Rxe8+ Kxe8 31. Bxf6
gxf6 32. Kf4 Kf8 33. Nc6 Bc7+ 34. Kf5 Kg7 35. Ne7 Be5 36. Nxd5 Bxb2 37. Nb6
Bxa3 38. Nxa4 Bb4 39. Kf4 Kg6 40. e4 Bd6+ 41. Kf3 f5 42. Nc3 Be5 43. Na4 fxe4+
44. Kxe4 Kf6 45. Nb6 Bc3 46. Nd5+ Ke6 47. Nxc3 f5+ 48. Kd4 Kd6 49. f3 1-0

[Event "Floripa Chess Open 2024"]
[Site "Florianopolis"]
[Date "2024.01.23"]
[Round "5.159"]
[White "Lopes, Marcia Maria Dias"]
[Black "De Oliveira, Rosa Emilia Trizott"]
[Result "1-0"]
[WhiteElo "1297"]
[BlackElo "1800"]
[PlyCount "35"]
[EventDate "2024.01.20"]
[EventRounds "10"]
[EventCountry "BRA"]

1. d4 d5 2. Nf3 Nf6 3. Bf4 e6 4. e3 Be7 5. Bd3 O-O 6. h3 Qd7 $146 ({RR} 6... c5
7. c3 Qb6 8. Qc1 Bd7 9. a4 Nc6 10. O-O c4 11. Bc2 Na5 12. Nbd2 Rfc8 13. Ne5 Be8
14. Bg5 Qd8 15. Ng4 Nd7 16. Bxe7 Qxe7 17. Qd1 a6 18. Ra3 Ra7 19. Qe2 {1/2-1/2 
(19) Dehn,M-Schrepp,M Mainz 1989}) ({RR} 6... c5 7. c3 b6 8. O-O Ba6 9. Bxa6
Nxa6 10. Nbd2 {1/2-1/2 (10) Rusev,K (2409)-Radulski,J (2515) Svilengrad 2006})
({RR} 6... Nbd7 7. Nbd2 c5 8. c3 b6 9. Ne5 Bb7 10. Qf3 c4 11. Bc2 b5 12. g4
Nxe5 13. dxe5 Nd7 14. g5 Nc5 15. Rg1 d4 16. Bxh7+ Kxh7 17. Qh5+ Kg8 18. cxd4
Nd3+ 19. Kf1 Nxf4 20. exf4 Qxd4 21. Rg4 {Negro,R (1802)-Gneo,M (1775) Zevio
2014 0-1}) ({RR} 6... Nbd7 7. Nbd2 c5 8. c3 Re8 9. O-O Nf8 10. Re1 cxd4 11.
exd4 Bd6 12. Ne5 a6 13. Re3 Bd7 14. Nxf7 Kxf7 15. Bxd6 b5 16. Nf3 Bc6 17. Ng5+
Kg8 18. Bxf8 Kxf8 19. Nxe6+ Rxe6 20. Rxe6 {1-0 (20) Bachner,T-Scheitler,W
Nuremberg 1989}) 7. O-O Nc6 8. c3 a5 9. a4 b6 10. Nbd2 Bb7 11. Ne5 Qd6 12. Ndf3
h6 13. Nxc6 Qxc6 14. Bb5 Qc4 15. Bxc4 g5 16. Bd3 gxf4 17. exf4 Rad8 18. Re1 1-0

[Event "Floripa Chess Open 2024"]
[Site "Florianopolis"]
[Date "2024.01.23"]
[Round "5.160"]
[White "Dos Santos, Douglas Asterio"]
[Black "Assis, Caio Bentivenha"]
[Result "1/2-1/2"]
[WhiteElo "1353"]
[BlackElo "1800"]
[PlyCount "75"]
[EventDate "2024.01.20"]
[EventRounds "10"]
[EventCountry "BRA"]

1. d4 Nf6 2. Nf3 g6 3. g3 Bg7 4. Bg2 O-O 5. O-O d6 6. Nc3 Nbd7 7. Bf4 ({RR} 7.
h3 Rb8 8. Be3 c6 9. a4 a5 10. Qc1 Re8 11. Bh6 Bh8 12. e4 e5 13. dxe5 dxe5 14.
Qe3 b6 15. Rad1 Ba6 16. Rfe1 Qe7 17. Nh4 Nh5 18. Qd2 Nc5 19. Qd6 Bf6 20. Nf3
Qb7 21. Qd2 Ng7 {Manolache,M (2491)-Sofronie,I (2440) Amara 2007 1-0 (85)})
7... Re8 ({RR} 7... Nh5 8. Bg5 h6 9. Bd2 e5 10. dxe5 dxe5 11. Nh4 c6 12. e4 Qe7
13. Qe2 Nc5 14. Nd1 a5 15. a3 Ne6 16. Nf5 Qd7 17. Bxh6 Bxh6 18. Nxh6+ Kh7 19.
Nf5 Nhf4 20. gxf4 Nxf4 21. Qg4 gxf5 22. Qh4+ {Grau Brumos,I (2046)-Basas
Gamazo,J (1968) Vila Seca 2016 1/2-1/2 (62)}) 8. Re1 $146 ({RR} 8. Qd2 c5 9.
Bh6 Rb8 10. Bxg7 Kxg7 11. a4 cxd4 12. Qxd4 Qb6 13. a5 Qxd4 14. Nxd4 Ne5 15. b3
Bd7 16. h3 Rec8 17. Nd1 Nc6 18. Nxc6 Bxc6 19. Ne3 Bxg2 20. Kxg2 Ne4 21. Rfd1
Nc3 22. Rd2 Rc5 {Rubinstein,S-Mueller,H Vienna 1937 1/2-1/2 (75)}) ({RR} 8. Qd2
Nh5 9. Bh6 e5 10. Bxg7 Kxg7 11. dxe5 dxe5 12. Rad1 Nhf6 13. Nd5 c6 14. Nc3 Qb6
15. Bh3 Qxb2 16. Nh4 Nf8 17. Bxc8 Raxc8 18. Qg5 Re6 19. Nf5+ Kh8 20. Nd6 Rc7
21. Nce4 Nxe4 22. Qd8 Kg7 {Walas,A (1830)-Korpalski,R (2172) Lubawka 2008 1/
2-1/2}) 8... Nh5 9. Bg5 h6 10. Bd2 e5 11. dxe5 dxe5 12. h3 c6 13. Ne4 f5 14.
Nd6 Re6 15. Nxc8 Rxc8 16. Bc3 e4 17. Bxg7 Nxg7 18. Nd2 Rd6 19. e3 Nc5 20. Re2
Rc7 21. Qe1 Rcd7 22. Nc4 Rd5 23. b3 b5 24. Nb2 Nge6 25. f3 Ng5 26. fxe4 Ngxe4
27. Kh2 Qf6 28. Rd1 Qxb2 29. Rxd5 Rxd5 30. c4 Rd2 31. Rxd2 Qxd2 32. Qxd2 Nxd2
33. Bxc6 bxc4 34. bxc4 Nxc4 35. Bd5+ Kg7 36. Bxc4 Kf6 37. Kg2 Ke5 38. Kf3
1/2-1/2

[Event "Floripa Chess Open 2024"]
[Site "Florianopolis"]
[Date "2024.01.23"]
[Round "5.161"]
[White "Ferreira, Jose Carlos"]
[Black "Fossatti, Igor Anton"]
[Result "1/2-1/2"]
[WhiteElo "1624"]
[BlackElo "1340"]
[PlyCount "90"]
[EventDate "2024.01.20"]
[EventRounds "10"]
[EventCountry "BRA"]

1. d4 Nf6 2. c4 e6 3. Nc3 Bb4 4. Qc2 O-O 5. e3 d5 6. a3 Be7 7. Bd3 c5 8. dxc5
dxc4 9. Bxc4 Bxc5 10. Nf3 Nc6 11. O-O Qc7 12. b4 Be7 13. Nb5 Qb6 14. Bb2 a6 15.
Nbd4 Bd7 $146 ({RR} 15... Nxd4 16. Bxd4 Qc7 17. Qb3 Bd7 18. Rac1 Bc6 19. Ne5
Bd6 20. f4 Bxe5 21. Bxe5 Qe7 22. Bd4 Ne4 23. Qb2 f5 24. Qa2 Rfe8 25. Rfd1 Rad8
26. Bxa6 Bd5 27. Bc4 Rd7 28. Bxd5 Rxd5 29. Rc2 Ra8 30. Rdc1 {Goncharenko,
A-Amelchenko,K Ufa 1996 1-0 (62)}) 16. Qe2 Rac8 17. Rac1 Rfd8 18. Bd3 h6 19.
Bb1 Na7 20. Ne5 Bb5 21. Nxb5 Qxb5 22. Qf3 Qd5 23. Qxd5 Nxd5 24. Rxc8 Nxc8 25.
Rc1 Nd6 26. e4 Nf6 27. f3 Nb5 28. Nd3 Kf8 29. Kf2 Ke8 30. Ke3 g5 31. g4 Nd6 32.
Nc5 b5 33. Ba2 Ra8 34. e5 Nd5+ 35. Bxd5 exd5 36. exd6 Bxd6 37. Rc2 a5 38. Nd3
axb4 39. Nxb4 Kd7 40. Nxd5 Re8+ 41. Kd3 Rd8 42. Nf6+ Ke7 43. Ke4 Ra8 44. Nd5+
Kf8 45. Nb4 Re8+ 1/2-1/2

[Event "Floripa Chess Open 2024"]
[Site "Florianopolis"]
[Date "2024.01.23"]
[Round "5.165"]
[White "Carneiro, Cristiana Fiusa"]
[Black "Elesbao, Bernardo Dartora"]
[Result "0-1"]
[WhiteElo "1211"]
[BlackElo "1551"]
[PlyCount "66"]
[EventDate "2024.01.20"]
[EventRounds "10"]
[EventCountry "BRA"]

1. c4 g6 2. d3 ({RR} 2. h4 Bg7 3. h5 e5 4. Nc3 Nc6 5. d3 d6 6. g3 Be6 7. Bg2
Qd7 8. Nf3 Nf6 9. h6 Bf8 10. Bg5 Be7 11. Qa4 Ng4 12. Bxe7 Nxe7 13. Ng5 c6 14.
Nxe6 fxe6 15. Ne4 O-O 16. Bf3 Nf6 {Vachier Lagrave,M (2779)-Dominguez Perez,L 
(2739) chess.com INT 2018 0-1 (42)}) 2... h6 $146 ({RR} 2... Nc6 3. e4 Bg7 4.
g3 d6 5. Bg2 Nf6 6. Ne2 Nd7 7. O-O Nde5 8. Nbc3 Nb4 9. Nf4 c5 10. a3 Nbc6 11.
Nfe2 Nd7 12. f4 Nf8 13. Rb1 Ne6 14. Be3 Ned4 15. h3 Qc7 16. Nd5 Nxe2+ 17. Qxe2
{Manjon Domenech,F (1434)-Melero Escude,O Llinars del Valles 2013 1-0 (31)}) ({
RR} 2... Bg7 3. Nf3 b6 4. g3 Bb7 5. Bg2 Nf6 6. Nc3 O-O 7. Bd2 d6 8. h3 Nbd7 9.
O-O a6 10. Re1 e5 11. e4 Nc5 12. Bg5 h6 13. Bxf6 Bxf6 14. Qd2 Bg7 15. Rad1 Ne6
16. a3 c6 17. Ne2 {Gao,C-Niedenthal,R (1504) Marburg GER 2023 0-1 (42)}) ({RR} 
2... Bg7 3. Nf3 d6 4. Nc3 Nf6 5. h4 b6 6. b4 Bb7 7. b5 Ne4 8. Nxe4 Bxa1 9. Rh3
Bxe4 10. dxe4 Bc3+ 11. Bd2 Bxd2+ 12. Qxd2 c6 13. Ng5 O-O 14. h5 e6 15. Rg3 Qf6
16. Qc1 cxb5 17. cxb5 {Martyn,K-Stone,S (1408) Grande Prairie 2008 0-1}) 3. Nc3
Bg7 4. g3 d6 5. Bg2 c5 6. Nh3 Nc6 7. f4 g5 8. Nf2 Nf6 9. Rb1 h5 10. Nce4 Nxe4
11. Bxe4 f5 12. Bxc6+ bxc6 13. Qa4 Bd7 14. Be3 h4 15. Kd2 e6 16. Qa6 hxg3 17.
hxg3 Rxh1 18. Rxh1 Qf6 19. Nd1 Qd8 20. Rh7 Kf7 21. Kc2 Kg6 22. Rh2 Qc7 23. Bd2
d5 24. Ba5 Qb8 25. Bc3 d4 26. Bd2 e5 27. Qa5 Qb6 28. Qxb6 axb6 29. a3 e4 30.
dxe4 fxe4 31. e3 b5 32. cxb5 cxb5 33. Nf2 Bf5 0-1

[Event "Floripa Chess Open 2024"]
[Site "Florianopolis"]
[Date "2024.01.23"]
[Round "5.166"]
[White "Fonseca, Guilherme"]
[Black "Barbosa, Kassio Rodrigo"]
[Result "1/2-1/2"]
[WhiteElo "1820"]
[BlackElo "1548"]
[PlyCount "77"]
[EventDate "2024.01.20"]
[EventRounds "10"]
[EventCountry "BRA"]

1. c4 Nf6 2. Nc3 e5 3. Nf3 Nc6 4. g3 Bb4 5. Nd5 Nxd5 6. cxd5 e4 ({RR} 6... Na5
7. a3 Be7 8. Bg2 O-O 9. O-O c6 10. dxc6 bxc6 11. b4 Nc4 12. d3 Nd6 13. Bb2 Bf6
14. Bxe5 Bxe5 15. Nxe5 Re8 16. Nf3 h6 17. Re1 Qf6 18. e4 Qc3 19. Qc1 Qxc1 20.
Raxc1 Rb8 21. Rcd1 {Faulkner,A (26)-Kalavannan,T Bournemouth 2016 1-0 (63)}) 7.
Qb3 ({RR} 7. dxc6 exf3 {1/2-1/2 (7) McNab,C (2472)-Madan,A (2395) Coulsdon 2009
}) 7... exf3 8. dxc6 fxe2 9. cxd7+ $146 ({RR} 9. Bxe2 Bxd2+ 10. Bxd2 dxc6 11.
Rd1 Qe7 12. O-O O-O 13. Rfe1 Rb8 14. Bc4 Be6 15. Bxe6 fxe6 16. Qxe6+ Qxe6 17.
Rxe6 Rbd8 18. Ree1 Rd7 19. Bb4 Rfd8 20. Re8+ Rxe8 21. Rxd7 Re2 22. Bc3 g6 23.
Rxc7 b5 {Richter,C-Loehnhardt,B Niedersachsen 1995 1-0}) ({RR} 9. Bg2 Qe7 10.
a3 Bc5 11. cxb7 Bxb7 12. Qxb7 O-O 13. Qf3 Rfe8 14. d3 Rab8 15. Rb1 Qe6 16. Be3
Qa2 17. Kxe2 Rxb2+ 18. Rxb2 Qxb2+ 19. Kf1 Qb1+ 20. Ke2 Qc2+ 21. Kf1 Qxd3+ 22.
Kg1 c6 23. h4 Bxe3 {Nikontovic,S (2320)-Lund,S Denmark 1998 0-1 (41)}) 9...
Qxd7 10. Bxe2 Qe7 11. Qe3 Qxe3 12. fxe3 Bh3 13. Kf2 Be6 14. a3 Bd6 15. b4 O-O
16. Bb2 c6 17. d4 Bd5 18. Rhe1 Rfe8 19. Bf3 Rac8 20. e4 Bc4 21. Re3 f6 22. Rae1
Bc7 23. Rc3 b5 24. Kg2 Kf7 25. Rce3 Rcd8 26. Be2 Bd5 27. Kf3 Be6 28. Rc1 Rd6
29. Bxb5 cxb5 30. Rxc7+ Re7 31. Rxe7+ Kxe7 32. e5 Bd5+ 33. Kf2 Re6 34. exf6+
Kxf6 35. Rxe6+ Kxe6 36. Bc1 Kf5 37. Ke3 g5 38. Kf2 g4 39. Bf4 1/2-1/2